LEADER 01385nam a2200373 i 4500 001 991003672019707536 005 20021220115220.0 008 020603s1998 de ||| | eng 020 $a3540647716 035 $ab11846252-39ule_inst 035 $aLE01313095$9ExL 040 $aDip.to Matematica$beng 082 0 $a515.64 084 $aAMS 35B20 084 $aAMS 49-XX 084 $aAMS 49J45 084 $aAMS 73M25 100 1 $aBraides, Andrea$062002 245 10$aApproximation of free-discontinuity problems /$cAndrea Braides 260 $aBerlin :$bSpringer-Verlag,$cc1998 300 $axi, 148 p. ;$c24 cm 490 0 $aLecture notes in mathematics,$x0075-8434 ;$v1694 500 $aIncludes bibliographical references and index 650 0$aCalculus of variations 650 0$aConvergence 650 0$aFunctions of bounded variation 650 0$aPerturbation (Mathematics) 907 $a.b11846252$b28-04-17$c20-12-02 912 $a991003672019707536 945 $aLE013 49-XX BRA11 C.2 (1998)$g2$i2013000131306$lle013$o-$pE0.00$q-$rl$s- $t0$u10$v0$w10$x0$y.i12098553$z20-12-02 945 $aLE013 49-XX BRA11 C.1 (1998)$g1$i2013000112268$lle013$o-$pE0.00$q-$rl$s- $t0$u12$v0$w12$x0$y.i10835593$z28-06-02 996 $aApproximation of free-discontinuity problems$978855 997 $aUNISALENTO 998 $ale013$b01-01-02$cm$da $e-$feng$gde $h0$i1